Introduction to coding theory / (Record no. 174724)
[ view plain ]
| 000 -LEADER | |
|---|---|
| fixed length control field | 01165 a2200217 4500 |
| 003 - CONTROL NUMBER IDENTIFIER | |
| control field | Nust |
| 005 - DATE AND TIME OF LATEST TRANSACTION | |
| control field | 20220720114804.0 |
| 010 ## - LIBRARY OF CONGRESS CONTROL NUMBER | |
| LC control number | 2004049447 |
| 020 ## - INTERNATIONAL STANDARD BOOK NUMBER | |
| International Standard Book Number | 1584884215 (acid-free paper) |
| 040 ## - CATALOGING SOURCE | |
| Transcribing agency | Nust |
| 082 00 - DEWEY DECIMAL CLASSIFICATION NUMBER | |
| Classification number | 003.54,BIE |
| 100 1# - MAIN ENTRY--PERSONAL NAME | |
| Personal name | Bierbrauer, Juergen. |
| 9 (RLIN) | 58586 |
| 245 10 - TITLE STATEMENT | |
| Title | Introduction to coding theory / |
| Statement of responsibility, etc. | Juergen Bierbrauer. |
| 260 ## - PUBLICATION, DISTRIBUTION, ETC. | |
| Place of publication, distribution, etc. | Boca Raton, |
| Name of publisher, distributor, etc. | Chapman & Hall/CRC, |
| Date of publication, distribution, etc. | c2005. |
| 300 ## - PHYSICAL DESCRIPTION | |
| Extent | xxiii, 390 p. : |
| Other physical details | ill. ; |
| Dimensions | 24 cm. |
| 440 #0 - SERIES STATEMENT/ADDED ENTRY--TITLE | |
| Title | Discrete mathematics and its applications |
| 9 (RLIN) | 3105 |
| 505 ## - FORMATTED CONTENTS NOTE | |
| Formatted contents note | The Concept of Coding (Page-3), Binary Linear Codes (Page-23), General Linear Codes (Page-41), Singleton Bound and Ree-Solomon Codes (Page-71), Recursive Constructions (Page-81), Universal Hashing (Page-93), Designs and The Binary Golay Code (Page-97), Shannon Entropy (Page-101), Asymptotic Results (Page-111), 3-Dimensional Codes, Projective Planes (Page-123), Theory and Applications of Codes (Page-131), Subfield Codes and Trace Codes (Page-133), Cyclic Codes (Page-149). |
| 650 #0 - SUBJECT ADDED ENTRY--TOPICAL TERM | |
| Topical term or geographic name entry element | Coding theory. |
| 9 (RLIN) | 3106 |
| 856 42 - ELECTRONIC LOCATION AND ACCESS | |
| Materials specified | Publisher description |
| Uniform Resource Identifier | <a href="http://www.loc.gov/catdir/enhancements/fy0646/2004049447-d.html">http://www.loc.gov/catdir/enhancements/fy0646/2004049447-d.html</a> |
| 942 ## - ADDED ENTRY ELEMENTS (KOHA) | |
| Koha item type | Reference |
| Source of classification or shelving scheme | |
| Withdrawn status | Lost status | Source of classification or shelving scheme | Damaged status | Not for loan | Permanent Location | Current Location | Shelving location | Date acquired | Full call number | Barcode | Date last seen | Price effective from | Koha item type | Public note |
|---|---|---|---|---|---|---|---|---|---|---|---|---|---|---|
| Military College of Signals (MCS) | Military College of Signals (MCS) | Reference | 12/12/2016 | 003.54,BIE | MCS31486 | 12/08/2016 | 12/12/2016 | Reference | Almirah No.17, Shelf No.1 |
